000 00535cam a2200193 4500
001 4019
005 20181127172436.0
008 090323s2009 nyu 000 1 eng
010 _a 2009011245
020 _a141654965X
020 _a9781416549666
100 1 _aFrey, Stephen W.
245 1 0 _aHell's gate /
_b
_cStephen Frey.
250 _a1st Atria Books hardcover ed.
260 _aNew York :
_bPocket STAR Books,
_c2009.
300 _a454 p. ;
_c24 cm.
650 0 _aPublic prosecutors
_vFiction.
655 7 _aSuspense fiction.
_2gsafd
999 _c3284
_d3284